Statistics for Every City in the Northeastern Corridor with a Map

Click here to take the quiz!

General Stats

  • This quiz has been taken 344 times
  • The average score is 161 of 2884

Answers on the Map

Answers color-coded by a green-red scale on the quiz's map according to % correct below.
 

Answer Stats

City% Correct
New York
96%
Boston
89%
Washington
88%
Philadelphia
85%
Baltimore
80%
Providence
80%
Dover
70%
Hartford
70%
Jersey City
70%
Newark
70%
New Haven
69%
Atlantic City
64%
Trenton
63%
Wilmington
63%
Springfield
61%
Yonkers
60%
Worcester
58%
Arlington
57%
Harrisburg
57%
Manchester
57%
Bridgeport
55%
Cambridge
54%
Alexandria
53%
Annapolis
53%
Concord
50%
North Sea
49%
Elizabeth
48%
Allen
47%
Newport
47%
Stamford
47%
Allentown
46%
Plymouth
44%
Camden
42%
Salem
42%
New London
40%
Paterson
40%
Lancaster
39%
Quincy
39%
Bear
38%
Frederick
38%
Ocean City
38%
Portsmouth
38%
Warwick
38%
York
38%
Nashua
37%
Lowell
36%
Nantucket
35%
Reading
35%
New Rochelle
34%
Waterbury
33%
Southampton
32%
Bethesda
31%
Bethlehem
31%
Cape May
31%
Greenwich
31%
Hoboken
31%
New Castle
31%
Norwalk
31%
White Plains
31%
Danbury
30%
Hampton
30%
Hempstead
30%
Montauk
30%
Mount Vernon
30%
New Bedford
30%
Pawtucket
30%
Poughkeepsie
30%
Princeton
30%
Essex
29%
Gloucester
29%
Middletown
29%
Chester
28%
Kingston
28%
Kingstown
28%
Newton
28%
Salisbury
28%
Bristol
27%
Fairfax
27%
Long Beach
27%
Northampton
27%
Orange
27%
Columbia
26%
Easton
26%
Bayonne
25%
Fall River
25%
Rockville
25%
Cranston
24%
Fairfield
24%
Lynn
24%
Norfolk
24%
East Hampton
23%
East Hartford
23%
East Providence
23%
Franklin
23%
Harrison
23%
New Brunswick
23%
Norwich
23%
Oxford
23%
Portland
23%
Silver Spring
23%
Sussex
23%
Vineland
23%
West Haven
23%
Aberdeen
22%
Bedford
22%
Brockton
22%
Deal
22%
Hagerstown
22%
Hershey
22%
King of Prussia
22%
Lawrence
22%
Lexington
22%
Linden
22%
Toms River
22%
West Hartford
22%
Burlington
21%
Fredericksburg
21%
Manassas
21%
Provincetown
21%
West Chester
21%
Westhampton
21%
Berlin
20%
Hudson
20%
Milford
20%
Rye
20%
Somerville
20%
Winchester
20%
Amherst
19%
Chevy Chase
19%
Falls Church
19%
Gaithersburg
19%
Hamilton
19%
Huntington
19%
Lakewood
19%
Passaic
19%
Potomac
19%
Rehoboth Beach
19%
Rochester
19%
Union City
19%
Clifton
18%
Clinton
18%
East Orange
18%
Framingham
18%
Hanover
18%
Lebanon
18%
Newburg
18%
Towson
18%
West New York
18%
Brookline
17%
East Haven
17%
Islip
17%
Marlboro
17%
Monroe
17%
Woodbridge
17%
Bel Air
16%
Germantown
16%
Hackensack
16%
Jefferson
16%
Laurel
16%
Leesburg
16%
Levittown
16%
Liverpool
16%
Madison
16%
Perth Amboy
16%
Pittsfield
16%
Rutherford
16%
Windsor
16%
Woonsocket
16%
Bethel
15%
Bowie
15%
Brooklyn
15%
Cherry Hill
15%
Chicopee
15%
College Park
15%
Fort Lee
15%
Garden City
15%
Gettysburg
15%
Glen Burnie
15%
Great Neck
15%
Greenville
15%
Medford
15%
Revere
15%
Tarrytown
15%
Westport
15%
Asbury
14%
Brunswick
14%
Delaware
14%
East Rutherford
14%
Exeter
14%
Fire Island
14%
Haverhill
14%
Lake of the Woods
14%
Middlesex
14%
Millville
14%
Montgomery
14%
Newtown
14%
North Haven
14%
Ossining
14%
Peekskill
14%
Sleepy Hollow
14%
Somers
14%
Chatham
13%
Darien
13%
Dublin
13%
Georgetown
13%
Glasgow
13%
Holyoke
13%
Manassas Park
13%
Milton
13%
Nyack
13%
Port Jervis
13%
Ridge
13%
Riverside
13%
Scarsdale
13%
Stratford
13%
Taunton
13%
Westfield
13%
Andover
12%
Asbury Park
12%
Bath
12%
Brookhaven
12%
Carlisle
12%
Charles Town
12%
Charlestown
12%
Chelsea
12%
Derry
12%
Eastchester
12%
Ellicott City
12%
Falmouth
12%
Glen Cove
12%
Havre de Grace
12%
Kearny
12%
Leominster
12%
Litchfield
12%
Londonderry
12%
Marlborough
12%
Metuchen
12%
Mineola
12%
Morristown
12%
Mystic
12%
New Britain
12%
Newburyport
12%
Oyster Bay
12%
Paramus
12%
Plainfield
12%
Port Chester
12%
Port Washington
12%
Secaucus
12%
Smyrna
12%
Waltham
12%
Watertown
12%
Westerly
12%
Westminster
12%
Wildwood
12%
Annandale
11%
Attleboro
11%
Babylon
11%
Bronxville
11%
Eden
11%
Elkton
11%
Fitchburg
11%
Freeport
11%
Hancock
11%
Harpers Ferry
11%
Hull
11%
Ipswich
11%
Long Branch
11%
Malden
11%
Mamaroneck
11%
McLean
11%
Newburgh
11%
Pelham
11%
Rahway
11%
Reston
11%
Riverhead
11%
South Amboy
11%
Stony Brook
11%
Stonybrook
11%
Suffern
11%
Torrington
11%
Tysons
11%
Valley Stream
11%
Warren
11%
West Point
11%
Beverly
10%
California
10%
Doylestown
10%
Dundalk
10%
Foxborough
10%
Guttenberg
10%
Highland
10%
Hyattsville
10%
Irvington
10%
Lewes
10%
Massapequa
10%
Montclair
10%
North Bethesda
10%
Oakland
10%
Pleasantville
10%
Port Jefferson
10%
Pottstown
10%
Ronkonkoma
10%
Roosevelt
10%
Seaford
10%
Summit
10%
Vienna
10%
Waldorf
10%
West Hempstead
10%
Woodbury
10%
Amityville
9%
Atlantic Beach
9%
Auburn
9%
Bangor
9%
Barnstable Town
9%
Beacon
9%
Cold Spring
9%
Dennis
9%
Durham
9%
East Stroudsburg
9%
Englewood
9%
Freehold
9%
Hicksville
9%
Lindenhurst
9%
Media
9%
Meriden
9%
New Carrollton
9%
Norristown
9%
Oceanside
9%
Patchogue
9%
Peabody
9%
Rockport
9%
Somerset
9%
Storrs
9%
Trumbull
9%
Wakefield
9%
Ashburn
8%
Avon
8%
Bergenfield
8%
Brentwood
8%
Central Islip
8%
Clay
8%
Cornwall
8%
Croton-on-Hudson
8%
Derby
8%
Dobbs Ferry
8%
Edgewater
8%
Farmingdale
8%
Farmington
8%
Groton
8%
Hamburg
8%
Hammonton
8%
Hereford
8%
Inwood
8%
Kensington
8%
Kiryas Joel
8%
Landover
8%
Manhasset
8%
Marblehead
8%
Martinsburg
8%
Mechanicsburg
8%
Nanuet
8%
New City
8%
Northport
8%
Pelham Manor
8%
Point Pleasant
8%
Putnam
8%
Quantico
8%
Ridgefield
8%
Ridgewood
8%
Rockville Centre
8%
Roslyn
8%
Sandwich
8%
Sharon
8%
Shelton
8%
Shrewsbury
8%
Smithtown
8%
Southport
8%
Spring Valley
8%
Stroudsburg
8%
Syosset
8%
Teterboro
8%
Uniondale
8%
Westbury
8%
West Islip
8%
Weston
8%
West Springfield
8%
Woburn
8%
Adamstown
7%
Alpine
7%
Ansonia
7%
Avalon
7%
Baldwin
7%
Bay Shore
7%
Belfast
7%
Belmont
7%
Bethany Beach
7%
Bethpage
7%
Bradford
7%
Brewster
7%
Carteret
7%
Catonsville
7%
Cedarhurst
7%
Central Falls
7%
Chambersburg
7%
Colchester
7%
Conshohocken
7%
Cos Cob
7%
Danvers
7%
Deer Park
7%
Delmar
7%
East Islip
7%
Egg Harbor City
7%
Elmont
7%
Everett
7%
Fairview
7%
Greenport
7%
Hastings-on-Hudson
7%
Hewlett
7%
Ho-Ho-Kus
7%
Jericho
7%
Laconia
7%
Lake Success
7%
Larchmont
7%
Malvern
7%
Massapequa Park
7%
Monsey
7%
Nazareth
7%
New Hyde Park
7%
Newington
7%
New Paltz
7%
Norwood
7%
Owings
7%
Pikesville
7%
Ramsey
7%
Red Bank
7%
Riverdale
7%
Rye Brook
7%
Shirley
7%
Tenafly
7%
Tuckahoe
7%
Upper Marlboro
7%
Ware
7%
Wellesley
7%
West Nyack
7%
Wheaton
7%
Wilton
7%
Windsor Locks
7%
Allendale
6%
Amagansett
6%
Ardsley
6%
Belmar
6%
Bloomfield
6%
Bourne
6%
Briarcliff Manor
6%
Capitol Heights
6%
Centreville
6%
Chantilly
6%
Chappaqua
6%
Clayton
6%
Commack
6%
Dedham
6%
Delaware City
6%
Devon
6%
Dix Hills
6%
Englewood Cliffs
6%
Fair Lawn
6%
Floral Park
6%
Franklin Lakes
6%
Front Royal
6%
Gainesville
6%
Garfield
6%
Greenbelt
6%
Greensboro
6%
Halifax
6%
Harrington
6%
Haverstraw
6%
Herndon
6%
Kings Point
6%
La Plata
6%
Locust Valley
6%
Lorton
6%
Loudon
6%
Marion
6%
Marshall
6%
Melville
6%
Naugatuck
6%
New Market
6%
Newmarket
6%
New Milford
6%
Old Westbury
6%
Orangeburg
6%
Orient
6%
Orleans
6%
Owings Mills
6%
Parkville
6%
Pasadena
6%
Phoenixville
6%
Pottsville
6%
Rockaway
6%
Sayreville
6%
Scituate
6%
Sea Isle City
6%
Seaside Heights
6%
Severn
6%
Shelter Island
6%
South Plainfield
6%
Sterling
6%
Stone Harbor
6%
Takoma Park
6%
Tappan
6%
Temple
6%
Timonium
6%
Ventnor City
6%
Waterford
6%
Anderson
5%
Antietam
5%
Armonk
5%
Ashland
5%
Barrington
5%
Bel Air North
5%
Bel Air South
5%
Bellingham
5%
Bellmore
5%
Bridgehampton
5%
Bridgeton
5%
Buchanan
5%
Caldwell
5%
Carney
5%
Cliffside Park
5%
Coatesville
5%
Cockeysville
5%
Cold Spring Harbor
5%
Copiague
5%
Culpeper
5%
Darby
5%
Deerfield
5%
East Newark
5%
Eastport
5%
Edgartown
5%
Elizabethtown
5%
Fenwick
5%
Fishkill
5%
Flemington
5%
Florham Park
5%
Fort Washington
5%
Franconia
5%
Gardner
5%
George Mason
5%
Granby
5%
Hampstead
5%
Hampton Bays
5%
Hauppauge
5%
Hawthorne
5%
Hewlett Harbor
5%
Hillsboro
5%
Holbrook
5%
Huntington Station
5%
Hyde Park
5%
Jim Thorpe
5%
Kings Park
5%
Lakeview
5%
Lexington Park
5%
Lindenwold
5%
Longmeadow
5%
Lynbrook
5%
Mastic
5%
Mechanicsville
5%
Melrose
5%
Merrick
5%
Needham
5%
New Providence
5%
Northfield
5%
North Potomac
5%
Old Greenwich
5%
Olney
5%
Palisades Park
5%
Paoli
5%
Park Ridge
5%
Penns Grove
5%
Perryville
5%
Peterborough
5%
Plainview
5%
Quogue
5%
Raritan
5%
Reisterstown
5%
Sag Harbor
5%
Sandy Hook
5%
Saugus
5%
Sayville
5%
Seabrook
5%
St. Georges
5%
Stonington
5%
Tiverton
5%
Totowa
5%
Valhalla
5%
Westwood
5%
Williamsport
5%
Woodmere
5%
Woodstock
5%
Wyomissing
5%
Abington
4%
Absecon
4%
Agawam Town
4%
Airmont
4%
Albertson
4%
Ardmore
4%
Aspen Hill
4%
Atlantic Highlands
4%
Bay Head
4%
Bayville
4%
Bellport
4%
Bladensburg
4%
Boonton
4%
Bordentown
4%
Brigantine
4%
Brownsville
4%
Bryn Mawr
4%
Burke
4%
Butler
4%
Calverton
4%
Canaan
4%
Cape May Court House
4%
Cape May Point
4%
Carle Place
4%
Carneys Point
4%
Chestertown
4%
Clarksburg
4%
Claymont
4%
Closter
4%
Coram
4%
Cove Neck
4%
Cranbury
4%
Damascus
4%
Demarest
4%
Downingtown
4%
Drexel Hill
4%
Dumfries
4%
Duxbury
4%
East Meadow
4%
East Northport
4%
East Rockaway
4%
Eldersburg
4%
Emerson
4%
Fair Haven
4%
Fenwick Island
4%
Fishers Island
4%
Florence
4%
Franklin Square
4%
Fulton
4%
Gilgo
4%
Glassboro
4%
Glen Head
4%
Glenmont
4%
Glen Rock
4%
Goshen
4%
Great Falls
4%
Great Neck Estates
4%
Great Neck Plaza
4%
Great River
4%
Greene
4%
Greenwood
4%
Guilford
4%
Hackettstown
4%
Haddonfield
4%
Hartsdale
4%
Henderson
4%
High Bridge
4%
Highlands
4%
Hillsborough
4%
Hillsdale
4%
Hillside
4%
Hingham
4%
Hockessin
4%
Hopkinton
4%
Intercourse
4%
Iselin
4%
Island Park
4%
Jessup
4%
Jonestown
4%
Katonah
4%
Keyport
4%
Lake Ronkonkoma
4%
Lanham
4%
Largo
4%
Leonia
4%
Linwood
4%
Little Ferry
4%
Lodi
4%
Lunenburg
4%
Lutherville
4%
Lynnfield
4%
Mahopac
4%
Malverne
4%
Manasquan
4%
Manville
4%
Margate City
4%
Matawan
4%
Mattituck
4%
Mendham
4%
Middleburg
4%
Milltown
4%
Montrose
4%
Morgantown
4%
Mount Airy
4%
Mount Kisco
4%
Nahant
4%
National Harbor
4%
New Hope
4%
New Windsor
4%
North Bellmore
4%
Northborough
4%
North Caldwell
4%
North Cape May
4%
North East
4%
North Massapequa
4%
North Merrick
4%
North New Hyde Park
4%
North Springfield
4%
North Wildwood
4%
Oakdale
4%
Oakton
4%
Odenton
4%
Old Bethpage
4%
Old Tappan
4%
Oradell
4%
Oxon Hill
4%
Palmyra
4%
Pawcatuck
4%
Pearl River
4%
Phillipsburg
4%
Plandome
4%
Pocomoke City
4%
Point Lookout
4%
Pomona
4%
Preston
4%
Randallstown
4%
Red Hook
4%
Ridgefield Park
4%
Ringwood
4%
Rosedale
4%
Roselle
4%
Rumson
4%
Saddle River
4%
Sands Point
4%
Sea Cliff
4%
Severna Park
4%
Shenandoah
4%
Somers Point
4%
South Hempstead
4%
South Nyack
4%
Southold
4%
Springdale
4%
Spring Lake
4%
Springs
4%
St. James
4%
Stockton
4%
Stoneham
4%
Suitland
4%
Swarthmore
4%
Swedesboro
4%
Taneytown
4%
Thomaston
4%
Townsend
4%
Voorhees
4%
Wading River
4%
Walden
4%
Wantagh
4%
Warrenton
4%
Watchung
4%
Waynesboro
4%
West Cape May
4%
West Reading
4%
Wethersfield
4%
White Marsh
4%
Wildwood Crest
4%
Williamstown
4%
Willimantic
4%
Williston
4%
Wilson
4%
Woods Hole
4%
Wyandanch
4%
Yaphank
4%
Yardley
4%
Adelphi
3%
Akron
3%
Allenhurst
3%
Alpha
3%
Annville
3%
Aquebogue
3%
Arnold
3%
Athol
3%
Ayer
3%
Barnegat
3%
Barnum Island
3%
Barre
3%
Baxter Estates
3%
Bellmawr
3%
Bernardsville
3%
Bird-in-Hand
3%
Blauvelt
3%
Bogota
3%
Bohemia
3%
Bound Brook
3%
Brandywine
3%
Brookside
3%
Brookville
3%
Bull Run
3%
Cabin John
3%
Camp Hill
3%
Carlstadt
3%
Center Moriches
3%
Centre Island
3%
Chesapeake Beach
3%
Cheverly
3%
Chillum
3%
Christiana
3%
Collingswood
3%
Colonia
3%
Congers
3%
Cresskill
3%
Crofton
3%
Croydon
3%
Cutchogue
3%
Danielson
3%
Dauphin
3%
Dennis Port
3%
Dewey Beach
3%
Dunellen
3%
Dunkirk
3%
East Atlantic Beach
3%
East Farmingdale
3%
East Hills
3%
East Massapequa
3%
East Norwich
3%
East Quogue
3%
East Williston
3%
Eatontown
3%
Edgemere
3%
Elmsford
3%
Elsmere
3%
Elwood
3%
Emmaus
3%
Emmitsburg
3%
Epping
3%
Exton
3%
Far Hills
3%
Flanders
3%
Flower Hill
3%
Folsom
3%
Forest Glen
3%
Fort Meade
3%
Fort Salonga
3%
Frenchtown
3%
Friendship
3%
Garden City Park
3%
Garden City South
3%
Garrison
3%
Garwood
3%
Glenwood Landing
3%
Gloucester City
3%
Goffstown
3%
Greenvale
3%
Haledon
3%
Hampton Beach
3%
Haymarket
3%
Henniker
3%
Herricks
3%
Hewlett Bay Park
3%
Highland Park
3%
Hightstown
3%
Holland
3%
Hooksett
3%
Hope
3%
Islandia
3%
Jenkintown
3%
Kenton
3%
Kutztown
3%
Lakehurst
3%
Lambertville
3%
Langhorne
3%
Lansdale
3%
Lansdowne
3%
Lattingtown
3%
Lawrenceville
3%
Leonardtown
3%
Lido Beach
3%
Lincolnia
3%
Linthicum
3%
Lloyd Harbor
3%
Longport
3%
Manhasset Hills
3%
Manheim
3%
Manorhaven
3%
Manorville
3%
Mantua
3%
Marcus Hook
3%
Marshfield
3%
Martinsville
3%
Marysville
3%
Mastic Beach
3%
Matamoras
3%
Matinecock
3%
Mayo
3%
Maywood
3%
Methuen Town
3%
Middle Island
3%
Millsboro
3%
Montgomeryville
3%
Montvale
3%
Moosup
3%
Moriches
3%
Morrisville
3%
Morton
3%
Mount Rainier
3%
Munsey Park
3%
Muttontown
3%
Narberth
3%
National Park
3%
Neptune City
3%
New Cassel
3%
New Egypt
3%
New Freedom
3%
New Hempstead
3%
Newport East
3%
New Suffolk
3%
North Amityville
3%
North Arlington
3%
North Babylon
3%
North Laurel
3%
North Lindenhurst
3%
North Plainfield
3%
Northvale
3%
North Valley Stream
3%
North Wantagh
3%
Ocean View
3%
Odessa
3%
Old Bridge
3%
Old Brookville
3%
Oyster Bay Cove
3%
Peconic
3%
Pennington
3%
Pennsville
3%
Perry Hall
3%
Pompton Lakes
3%
Poolesville
3%
Port Deposit
3%
Port Jefferson Station
3%
Port Washington North
3%
Prince Frederick
3%
Princess Anne
3%
Princeton Junction
3%
Quakertown
3%
Queen Anne
3%
Queenstown
3%
Raymond
3%
Red Lion
3%
Richland
3%
Rio Grande
3%
Rising Sun
3%
River Edge
3%
Riverton
3%
Rocky Hill
3%
Rocky Point
3%
Ronks
3%
Roselle Park
3%
Roslyn Estates
3%
Roslyn Heights
3%
Russell
3%
Rutland
3%
Sagamore
3%
Savage
3%
Sea Bright
3%
Sea Girt
3%
Selden
3%
Sharpsburg
3%
Shippensburg
3%
Shoreham
3%
Short Hills
3%
Slaughter Beach
3%
Somersworth
3%
South Farmingdale
3%
South Floral Park
3%
South Huntington
3%
South Laurel
3%
South River
3%
South Valley Stream
3%
South Yarmouth
3%
Sparkill
3%
Spencer
3%
Steelton
3%
Stevens
3%
Stewart Manor
3%
Stony Point
3%
Strathmere
3%
Sturbridge
3%
Swampscott
3%
Sykesville
3%
Thorndale
3%
Thurmont
3%
Tuckerton
3%
University Gardens
3%
Upper Saddle River
3%
Upton
3%
Urbana
3%
Valley Falls
3%
Wainscott
3%
Waldwick
3%
Walkersville
3%
Wanaque
3%
Wappingers Falls
3%
Washington Heights
3%
Webster
3%
West Babylon
3%
Westborough
3%
West Falls Church
3%
West Haverstraw
3%
Weymouth Town
3%
Wharton
3%
Williston Park
3%
Woodbine
3%
Woodcliff Lake
3%
Woodland Park
3%
Woodlawn
3%
Wood-Ridge
3%
Woodsburgh
3%
Woodside
3%
Wyoming
3%
Yorktown Heights
3%
Aberdeen Proving Ground
2%
Accokeek
2%
Aldan
2%
Algonquin
2%
Allamuchy
2%
Alloway
2%
Alton
2%
Ambler
2%
Amesbury Town
2%
Amherst Center
2%
Antrim
2%
Arbutus
2%
Arden
2%
Asharoken
2%
Audubon
2%
Avenel
2%
Avon-by-the-Sea
2%
Baden
2%
Baiting Hollow
2%
Baldwin Harbor
2%
Baltimore Highlands
2%
Bay Park
2%
Beach Haven
2%
Beachwood
2%
Bedford Hills
2%
Belchertown
2%
Belle Haven
2%
Bellerose
2%
Bellerose Terrace
2%
Beltsville
2%
Belvidere
2%
Bennington
2%
Blackwood
2%
Blandon
2%
Bloomsbury
2%
Blue Ball
2%
Blue Bell
2%
Blue Point
2%
Bolivar
2%
Boxford
2%
Bradley Beach
2%
Braintree Town
2%
Branford Center
2%
Bridgeville
2%
Bridgewater Town
2%
Brielle
2%
Brightwaters
2%
Brock Hall
2%
Brookeville
2%
Brookfield
2%
Brooklyn Park
2%
Broomall
2%
Bryn Athyn
2%
Buena
2%
Burtonsville
2%
Califon
2%
Camp Springs
2%
Cecilton
2%
Centereach
2%
Centerport
2%
Chance
2%
Chesilhurst
2%
Chestnut Ridge
2%
Chevy Chase Village
2%
Clear Spring
2%
Clementon
2%
Cochituate
2%
Colesville
2%
Collegeville
2%
Collingdale
2%
Collinsville
2%
Colmar Manor
2%
Concordia
2%
Corbin City
2%
Cornwall-on-Hudson
2%
Crisfield
2%
Croom
2%
Cumberland Hill
2%
Dale City
2%
Darlington
2%
Darnestown
2%
Dayton
2%
Delaware Water Gap
2%
Denton
2%
Denver
2%
Derwood
2%
Devens
2%
District Heights
2%
Dumont
2%
Dunn Loring
2%
Easthampton Town
2%
East Marion
2%
East Moriches
2%
East Patchogue
2%
Eatons Neck
2%
Edgemoor
2%
Edgewood
2%
Elmer
2%
Elmwood Park
2%
Ephrata
2%
Erma
2%
Estell Manor
2%
Fairmount
2%
Fair Oaks
2%
Fairwood
2%
Fallston
2%
Fanwood
2%
Farmingville
2%
Fayetteville
2%
Felton
2%
Florida
2%
Fords
2%
Fort Belvoir
2%
Fort Dix
2%
Franklin Farm
2%
Franklintown
2%
Franklin Town
2%
Friendly
2%
Fullerton
2%
Glastonbury Center
2%
Glen Echo
2%
Glen Gardner
2%
Glenn Dale
2%
Glen Ridge
2%
Glenville
2%
Grasonville
2%
Great Cacapon
2%
Great Neck Gardens
2%
Greencastle
2%
Greenfield Town
2%
Greenlawn
2%
Guilford Center
2%
Haddon Heights
2%
Halesite
2%
Harbor Hills
2%
Harbor Isle
2%
Harmony
2%
Harriman
2%
Harrington Park
2%
Hasbrouck Heights
2%
Hatboro
2%
Hatfield
2%
Haworth
2%
Hebron
2%
Hewlett Neck
2%
Hillcrest
2%
Hi-Nella
2%
Hopatcong
2%
Hopewell
2%
Horsham
2%
Houston
2%
Huntington Bay
2%
Indian Head
2%
Islip Terrace
2%
Jamesport
2%
Jarrettsville
2%
Joppatowne
2%
Kaser
2%
Keansburg
2%
Kenilworth
2%
Kennett Square
2%
Kettering
2%
Kingsville
2%
Kinnelon
2%
Lake Grove
2%
Lakeville
2%
Langley Park
2%
Laurel Hollow
2%
Lima
2%
Lincoln Park
2%
Little Silver
2%
Lusby
2%
Macungie
2%
Madison Center
2%
Magnolia
2%
Mansfield Center
2%
Mantoloking
2%
Marietta
2%
Marlton
2%
Marydel
2%
Maryland City
2%
Maynard
2%
Medfield
2%
Meredith
2%
Merrifield
2%
Middle River
2%
Miller Place
2%
Millersville
2%
Mill Neck
2%
Millstone
2%
Milton Mills
2%
Misquamicut
2%
Monrovia
2%
Montebello
2%
Moonachie
2%
Mount Arlington
2%
Mount Carbon
2%
Mount Pocono
2%
Mount Sinai
2%
Nanticoke
2%
Napeague
2%
Narragansett Pier
2%
Nesconset
2%
Netcong
2%
Newfield
2%
New Hampton
2%
New Holland
2%
New Square
2%
Newville
2%
Niantic
2%
Nissequogue
2%
North Bay Shore
2%
North Haledon
2%
North Hills
2%
North Lynbrook
2%
North Patchogue
2%
North Plymouth
2%
North Star
2%
Northville
2%
Noyack
2%
Ocean Beach
2%
Ocean Grove
2%
Ocean Pines
2%
Ogdensburg
2%
Palmer Town
2%
Paradise
2%
Parkside
2%
Parole
2%
Pascoag
2%
Paulsboro
2%
Pawling
2%
Paw Paw
2%
Peapack and Gladstone
2%
Pemberton
2%
Pike Creek
2%
Pinardville
2%
Pine Hill
2%
Pine Valley
2%
Plainedge
2%
Plandome Heights
2%
Plandome Manor
2%
Pleasant Valley
2%
Point of Rocks
2%
Point Pleasant Beach
2%
Port Republic
2%
Prospect Park
2%
Purcellville
2%
Redland
2%
Rhinebeck
2%
Rhinecliff
2%
Ridley Park
2%
Riverview
2%
Robbinsville
2%
Robesonia
2%
Rockleigh
2%
Roseland
2%
Roslyn Harbor
2%
Rowley
2%
Royersford
2%
Runnemede
2%
Russell Gardens
2%
Saddle Rock
2%
Saddle Rock Estates
2%
Sagaponack
2%
Salisbury Mills
2%
Scotland
2%
Seabrook Beach
2%
Searingtown
2%
Seat Pleasant
2%
Selbyville
2%
Sellersville
2%
Seven Corners
2%
Sharon Hill
2%
Shelter Island Heights
2%
Shiloh
2%
Shinnecock Hills
2%
Ship Bottom
2%
Siasconset
2%
Sloatsburg
2%
Smithville
2%
Snow Hill
2%
Solomons
2%
Southbridge Town
2%
South Hooksett
2%
South Toms River
2%
Spotswood
2%
Spotsylvania Courthouse
2%
Spring City
2%
Spring Lake Heights
2%
Stanhope
2%
St. Clair
2%
Stevensville
2%
St. Michaels
2%
Stowe
2%
Strasburg
2%
Suncook
2%
Surf City
2%
Tamaqua
2%
Tavistock
2%
Temple Hills
2%
The Plains
2%
Thiells
2%
Thornwood
2%
Tilton Northfield
2%
Tinton Falls
2%
Topsfield
2%
Topton
2%
Triangle
2%
Turners Falls
2%
Tuxedo Park
2%
Twin Rivers
2%
Union Beach
2%
Union Bridge
2%
Unionville
2%
University Park
2%
Upper Brookville
2%
Villas
2%
Vineyard Haven
2%
Wakefield-Peacedale
2%
Wallingford Center
2%
Wallington
2%
Wallkill
2%
Walpole
2%
Watch Hill
2%
Water Mill
2%
Watertown Town
2%
Weekapaug
2%
West Bay Shore
2%
West Conshohocken
2%
West Freehold
2%
Westhampton Beach
2%
West Hills
2%
West Laurel
2%
West Long Branch
2%
West Pocomoke
2%
West Springfield Town
2%
Westville
2%
West Wildwood
2%
West Yarmouth
2%
West York
2%
Wheatley Heights
2%
Winsted
2%
Winthrop Town
2%
Wolf Trap
2%
Womelsdorf
2%
Woodstown
2%
Wrightstown
2%
Yeadon
2%
Abbottstown
1%
Accord
1%
Ackermanville
1%
Acushnet Center
1%
Albrightsville
1%
Alburtis
1%
Alleghenyville
1%
Allenwood
1%
Amenia
1%
Ancient Oaks
1%
Andrews AFB
1%
Annapolis Neck
1%
Aquasco
1%
Aquia Harbour
1%
Ardencroft
1%
Arden on the Severn
1%
Ardentown
1%
Ashaway
1%
Ashton-Sandy Spring
1%
Atglen
1%
Audubon Park
1%
Avondale
1%
Bagtown
1%
Bailey's Crossroads
1%
Bakersville
1%
Baldwinville
1%
Ballenger Creek
1%
Bantam
1%
Barclay
1%
Bardonia
1%
Barnegat Light
1%
Barnesville
1%
Bartonsville
1%
Bayport
1%
Baywood
1%
Beaver Creek
1%
Bellefonte
1%
Belleplain
1%
Belle Terre
1%
Benedict
1%
Bensville
1%
Berrysburg
1%
Berryville
1%
Berwyn
1%
Berwyn Heights
1%
Betterton
1%
Big Pool
1%
Big Spring
1%
Birdsboro
1%
Bishopville
1%
Bivalve
1%
Blades
1%
Blairstown
1%
Blandford
1%
Bloomingdale
1%
Blue Hills
1%
Bonneauville
1%
Boonsboro
1%
Boswell's Corner
1%
Bowers
1%
Bowleys Quarters
1%
Braddock Heights
1%
Brambleton
1%
Breathedsville
1%
Breinigsville
1%
Broad Brook
1%
Broadway
1%
Brookdale
1%
Brooklawn
1%
Brookmont
1%
Brookview
1%
Broomes Island
1%
Brownville
1%
Bryans Road
1%
Bryantown
1%
Buckeystown
1%
Burkittsville
1%
Butlertown
1%
Buttzville
1%
Buzzards Bay
1%
Byram
1%
Calvert Beach
1%
Campbelltown
1%
Cape St. Claire
1%
Capon Bridge
1%
Carolina
1%
Cashtown
1%
Catasauqua
1%
Cavetown
1%
Cearfoss
1%
Cedarville
1%
Chalfont
1%
Chapman
1%
Charlotte Hall
1%
Charlton
1%
Chepachet
1%
Chesapeake City
1%
Chesapeake Ranch Estates
1%
Chester Center
1%
Chester Heights
1%
Cheswold
1%
Chevy Chase Section Five
1%
Chevy Chase Section Three
1%
Chevy Chase View
1%
Chewsville
1%
Choptank
1%
Church Creek
1%
Church Hill
1%
Churchville
1%
Clayville
1%
Cleona
1%
Clifton Heights
1%
Clintondale
1%
Cloverly
1%
Clyde
1%
Coaldale
1%
Cobb Island
1%
Cochranville
1%
Collings Lakes
1%
Colonial Park
1%
Colony Park
1%
Colwyn
1%
Conestoga
1%
Conning Towers Nautilus Park
1%
Contoocook
1%
Coopersburg
1%
Coplay
1%
Coral Hills
1%
Cordova
1%
Cornwells Heights
1%
Cottage City
1%
Coventry Lake
1%
Cragsmoor
1%
Crompond
1%
Crown Heights
1%
Crownsville
1%
Crugers
1%
Crystal Lake
1%
Dagsboro
1%
Dames Quarter
1%
Dargan
1%
Deale
1%
Deal Island
1%
Deep River Center
1%
Delano
1%
Dering Harbor
1%
Donaldson
1%
Dorneyville
1%
Dover Base Housing
1%
Dover Plains
1%
Downsville
1%
Dranesville
1%
Drum Point
1%
Duncannon
1%
Eagle Harbor
1%
Eagleville
1%
Eakles Mill
1%
East Brookfield
1%
East Brooklyn
1%
East Dennis
1%
East Falmouth
1%
East Greenville
1%
East Hampton North
1%
East Harwich
1%
East Kingston
1%
East Lansdowne
1%
East Merrimack
1%
East New Market
1%
East Pepperell
1%
East Riverdale
1%
East Sandwich
1%
East Shoreham
1%
East Side
1%
East York
1%
Eddington
1%
Eddystone
1%
Edesville
1%
Edgemont
1%
Edmonston
1%
Egypt
1%
Eldorado
1%
Elizabethville
1%
Elkridge
1%
Ellendale
1%
Ellenville
1%
Elliott
1%
Englishtown
1%
Enola
1%
Ernstville
1%
Essex Fells
1%
Essex Village
1%
Fairfax Station
1%
Fair Lakes
1%
Fairland
1%
Fairlee
1%
Fairless Hills
1%
Fairmount Heights
1%
Fairplay
1%
Falling Waters
1%
Falls Village
1%
Feasterville
1%
Federalsburg
1%
Ferndale
1%
Fieldsboro
1%
Firthcliffe
1%
Fishing Creek
1%
Fleetwood
1%
Flourtown
1%
Folcroft
1%
Forest Heights
1%
Forestville
1%
Fort Hunt
1%
Fort Indiantown Gap
1%
Fort Montgomery
1%
Fort Ritchie
1%
Foster Center
1%
Fountainhead-Orchard Hills
1%
Four Corners
1%
Frackville
1%
Frankford
1%
Franklin Center
1%
Franklin Park
1%
Frederica
1%
Freedom Plains
1%
Freemansburg
1%
Frenchtown-Rumbly
1%
Fruitland
1%
Funkstown
1%
Galena
1%
Galestown
1%
Galesville
1%
Gambrills
1%
Gap
1%
Gapland
1%
Gardiner
1%
Garrett Park
1%
Garretts Mill
1%
Gibbsboro
1%
Girdletree
1%
Glasco
1%
Glassmanor
1%
Glenarden
1%
Glendon
1%
Glenside
1%
Golden Beach
1%
Golden's Bridge
1%
Goldsboro
1%
Gordon
1%
Gordon Heights
1%
Gouldsboro
1%
Grand View-on-Hudson
1%
Grantley
1%
Gratz
1%
Great Meadows
1%
Greenbriar
1%
Greenfields
1%
Green Harbor-Cedar Crest
1%
Green Knoll
1%
Green Lane
1%
Greenport West
1%
Greensburg
1%
Green Spring
1%
Greenwood Lake
1%
Groton Long Point
1%
Groveton
1%
Halfway
1%
Hamilton Square
1%
Hanscom AFB
1%
Hanson
1%
Harleysville
1%
Harlingen
1%
Harrisville
1%
Hartly
1%
Harvey Cedars
1%
Harwich Center
1%
Harwich Port
1%
Hayfield
1%
Hazardville
1%
Head of the Harbor
1%
Hedgesville
1%
Hellertown
1%
Helmetta
1%
Henlopen Acres
1%
Herald Harbor
1%
Heritage Village
1%
Higganum
1%
High Falls
1%
Highfield-Cascade
1%
Highland Acres
1%
Highland Beach
1%
Highland Falls
1%
Hillandale
1%
Hillburn
1%
Hillcrest Heights
1%
Hokendauqua
1%
Holtsville
1%
Honey Brook
1%
Hopedale
1%
Hope Valley
1%
Hughesville
1%
Huntingtown
1%
Hurley
1%
Hurlock
1%
Hutchinson
1%
Hybla Valley
1%
Ilchester
1%
Indian Springs
1%
Interlaken
1%
Island Heights
1%
Ivyland
1%
Jacobus
1%
Jamesburg
1%
Jesterville
1%
Jewett City
1%
Jugtown
1%
Keedysville
1%
Kemp Mill
1%
Kemps Mill
1%
Kennedyville
1%
Kent Acres
1%
Kent Narrows
1%
Kerhonkson
1%
Kingstowne
1%
Konterra
1%
Kulpsville
1%
Lake Arbor
1%
Lake Carmel
1%
Lake Como
1%
Lake Katrine
1%
Lake Pocotopaug
1%
Lake Ridge
1%
Lake Shore
1%
Lake Wilderness
1%
Landover Hills
1%
Lansford
1%
Laurel Springs
1%
Laurence Harbor
1%
Lavallette
1%
Lawnside
1%
Layhill
1%
Laytonsville
1%
Leesport
1%
Lehighton
1%
Leipsic
1%
Leisure World
1%
Leitersburg
1%
Lemoyne
1%
Leonardo
1%
Libertytown
1%
Linganore
1%
Lionville
1%
Lititz
1%
Little Creek
1%
Littlestown
1%
Littleton Common
1%
Loch Arbour
1%
Lochearn
1%
Loch Lomond
1%
Long Hill
1%
Long Neck
1%
Lyons
1%
Madaket
1%
Mahanoy City
1%
Malverne Park Oaks
1%
Manahawkin
1%
Maple Glen
1%
Mapleville
1%
Mardela Springs
1%
Marion Center
1%
Marlboro Meadows
1%
Marlboro Village
1%
Marlow Heights
1%
Martin's Additions
1%
Mason Neck
1%
Maugansville
1%
Mays Chapel
1%
Mays Landing
1%
McGuire AFB
1%
McSherrystown
1%
Medford Lakes
1%
Melwood
1%
Mercersburg
1%
Mercersville
1%
Mercerville
1%
Merchantville
1%
Middleway
1%
Midland
1%
Midland Park
1%
Midway
1%
Milford Mill
1%
Millbourne
1%
Millbrook
1%
Millerstown
1%
Millerton
1%
Millington
1%
Mitchellville
1%
Modena
1%
Mohnton
1%
Monmouth Beach
1%
Monmouth Junction
1%
Montgomery Village
1%
Moodus
1%
Moorestown-Lenola
1%
Morganville
1%
Morningside
1%
Morris Plains
1%
Mount Aetna
1%
Mountainhome
1%
Mountain Lake
1%
Mountain Lakes
1%
Mountainside
1%
Mount Briar
1%
Mount Ephraim
1%
Mount Gretna
1%
Mount Holly Springs
1%
Mount Ivy
1%
Mount Joy
1%
Mount Lena
1%
Mount Wolf
1%
Mullica Hill
1%
Myerstown
1%
Myersville
1%
Nanticoke Acres
1%
Naval Academy
1%
Nesquehoning
1%
New Baltimore
1%
Newfields
1%
New Hartford Center
1%
New Jerusalem
1%
New Morgan
1%
New Philadelphia
1%
New Preston
1%
New Salem
1%
Noank
1%
Nokesville
1%
North Amherst
1%
North Beach
1%
North Bellport
1%
North Brentwood
1%
North Brookfield
1%
North Catasauqua
1%
North Chevy Chase
1%
North Eastham
1%
North Falmouth
1%
North Granby
1%
North Great River
1%
North Grosvenor Dale
1%
North Kensington
1%
North Scituate
1%
North Seekonk
1%
Northwest Harbor
1%
Northwest Harwich
1%
Northwest Harwinton
1%
North Westport
1%
North York
1%
Nuremberg
1%
Oak Beach-Captree
1%
Oaklyn
1%
Oak Valley
1%
Oakville
1%
Occoquan
1%
Ocean Acres
1%
Ocean Bluff-Brant Rock
1%
Ocean Gate
1%
Oceanport
1%
Old Field
1%
Old Mystic
1%
Old Saybrook Center
1%
Oley
1%
Otisville
1%
Overlea
1%
Oxoboxo River
1%
Palmerton
1%
Palo Alto
1%
Paramount-Long Meadow
1%
Parkesburg
1%
Parryville
1%
Parsonsburg
1%
Paxtang
1%
Paxtonia
1%
Peach Lake
1%
Pecktonville
1%
Pedricktown
1%
Pemberwick
1%
Pen Argyl
1%
Penndel
1%
Pennville
1%
Pepperell
1%
Peppermill Village
1%
Perkasie
1%
Perryman
1%
Petersham
1%
Phoenicia
1%
Piermont
1%
Pike Creek Valley
1%
Pimmit Hills
1%
Pine Beach
1%
Pine Grove
1%
Pinehurst
1%
Pine Plains
1%
Pinesburg
1%
Piney Point
1%
Pitman
1%
Pittsville
1%
Pleasant Hills
1%
Plumsteadville
1%
Plymouth Meeting
1%
Pocasset
1%
Pomfret
1%
Pondsville
1%
Poquonock Bridge
1%
Poquott
1%
Port Carbon
1%
Port Clinton
1%
Port Norris
1%
Port Reading
1%
Port Tobacco Village
1%
Potomac Heights
1%
Potomac Mills
1%
Powellville
1%
Pylesville
1%
Quantico Base
1%
Quarryville
1%
Queensland
1%
Quinebaug
1%
Quinton
1%
Quiogue
1%
Quonochontaug
1%
Railroad
1%
Randolph Town
1%
Ranson
1%
Reamstown
1%
Red Hill
1%
Reid
1%
Reinholds
1%
Remington
1%
Remsenburg-Speonk
1%
Rheems
1%
Richboro
1%
Richlandtown
1%
Ridgely
1%
Ringgold
1%
Rising Sun-Lebanon
1%
Riva
1%
Riverdale Park
1%
Riviera Beach
1%
Robinwood
1%
Rock Hall
1%
Rockledge
1%
Rock Point
1%
Rodney Village
1%
Rohrersville
1%
Romney
1%
Rosaryville
1%
Rose Hill
1%
Rosemont
1%
Rosenhayn
1%
Rose Valley
1%
Rossville
1%
Sabillasville
1%
Saltaire
1%
San Mar
1%
Saugerties
1%
Scaggsville
1%
Schuylkill Haven
1%
Scotts Corners
1%
Seaside Park
1%
Secretary
1%
Setauket-East Setauket
1%
Sewaren
1%
Shady Side
1%
Shannondale
1%
Sharptown
1%
Shelburne Falls
1%
Shenandoah Junction
1%
Shepherdstown
1%
Sherwood Manor
1%
Shokan
1%
Silver Hill
1%
Simsbury Center
1%
Sinking Spring
1%
Slatington
1%
Smith Island
1%
Smith Mills
1%
Smithsburg
1%
Somerdale
1%
Souderton
1%
Sound Beach
1%
South Amherst
1%
South Bethany
1%
South Bound Brook
1%
South Coatesville
1%
South Coventry
1%
South Dennis
1%
Southern Gateway
1%
South Kensington
1%
South Lancaster
1%
South Pottstown
1%
South Riding
1%
South Run
1%
South Temple
1%
South Windham
1%
Southwood Acres
1%
South Woodstock
1%
Spackenkill
1%
Spencerville
1%
Sperryville
1%
Spring Grove
1%
Spring Mount
1%
Spring Ridge
1%
Stafford Courthouse
1%
Stafford Springs
1%
Stephens City
1%
St. George Island
1%
St. Lawrence
1%
St. Leonard
1%
Stony Brook University
1%
Succasunna
1%
Sudlersville
1%
Suffield Depot
1%
Summerfield
1%
Summit Hill
1%
Tall Timbers
1%
Tariffville
1%
Taylors Island
1%
Teaticket
1%
Telford
1%
Templeville
1%
Terramuggus
1%
Terryville
1%
Thompsonville
1%
Tilghman Island
1%
Tilghmanton
1%
Tivoli
1%
Tolchester
1%
Toughkenamon
1%
Trainer
1%
Trappe
1%
Travilah
1%
Trego-Rohrersville Station
1%
Trevose
1%
Trexlertown
1%
Trumbauersville
1%
Tullytown
1%
Turnersville
1%
Tyaskin
1%
Upland
1%
Upper Montclair
1%
Upper Nyack
1%
Valley Cottage
1%
Valley View
1%
Vernon Center
1%
Verplanck
1%
Victory Gardens
1%
Village of the Branch
1%
Village Shires
1%
Viola
1%
Vista Center
1%
Walker Mill
1%
Walnutport
1%
Warner
1%
Washington Grove
1%
Washingtonville
1%
Waterview
1%
Wauregan
1%
Weatherly
1%
Weatogue
1%
Weissport
1%
Wellsville
1%
Wenonah
1%
Wernersville
1%
Westbrook Center
1%
West Brookfield
1%
West Chatham
1%
West Concord
1%
West Dennis
1%
West Denton
1%
West Easton
1%
West Hampton Dunes
1%
West Lawn
1%
West Ocean City
1%
Westphalia
1%
West Sayville
1%
West Simsbury
1%
West Wyomissing
1%
Whaleyville
1%
Whitehaven
1%
White Horse
1%
White House Station
1%
White Oak
1%
Whitesboro
1%
Whitfield
1%
Wilbraham
1%
Willards
1%
Willow Grove
1%
Wilmington Manor
1%
Wilson-Conococheague
1%
Wilton Center
1%
Winchendon
1%
Wind Gap
1%
Woodburn
1%
Woodbury Heights
1%
Woodlyn
1%
Woodlynne
1%
Woodmont
1%
Woodmore
1%
Woodsboro
1%
Woodside East
1%
Wormleysburg
1%
Worton
1%
Wrightsville
1%
Wyndmoor
1%
Yardville
1%
Yarmouth Port
1%
Yarrowsburg
1%
Yoe
1%
Yorkana
1%
Yorkshire
1%
Zena
1%
Alsace Manor
0%
Altamont
0%
Amity Gardens
0%
Apple Mountain Lake
0%
Arcadia University
0%
Arcola
0%
Arendtsville
0%
Arlington Heights
0%
Aspers
0%
Bainbridge
0%
Bally
0%
Balmville
0%
Baltic
0%
Bath (Berkeley Springs)
0%
Baumstown
0%
Beach Haven West
0%
Bealeton
0%
Beattystown
0%
Beaver Dam Lake
0%
Beaver Meadows
0%
Bechtelsville
0%
Beckett
0%
Belford
0%
Belle Mead
0%
Bendersville
0%
Bernville
0%
Bethlehem Village
0%
Beurys Lake
0%
Biglerville
0%
Birchwood Lakes
0%
Blackwells Mills
0%
Blain
0%
Blawenburg
0%
Bliss Corner
0%
Blodgett Landing
0%
Blue Ridge Summit
0%
Boiling Springs
0%
Boothwyn
0%
Bowmanstown
0%
Bowmansville
0%
Boyce
0%
Boyertown
0%
Bradley Gardens
0%
Brainards
0%
Branchdale
0%
Branchville
0%
Brandonville
0%
Brass Castle
0%
Bressler
0%
Brewster Hill
0%
Brickerville
0%
Brightwood
0%
Brinckerhoff
0%
Brittany Farms-The Highlands
0%
Broadlands
0%
Brodheadsville
0%
Browns Mills
0%
Brownstown
0%
Buckhall
0%
Buck Run
0%
Budd Lake
0%
Bull Run Mountain Estates
0%
Burke Centre
0%
Burleigh
0%
Byram Center
0%
Caln
0%
Cannondale
0%
Canton Valley
0%
Carmel Hamlet
0%
Carroll Valley
0%
Cascades
0%
Catlett
0%
Cedar Glen Lakes
0%
Cedar Glen West
0%
Cementon
0%
Cetronia
0%
Cherry Hill Mall
0%
Cherryville
0%
Cheshire Village
0%
Chesterbrook
0%
Chester Gap
0%
Cheyney University
0%
Churchtown
0%
Clearbrook Park
0%
Cliffwood Beach
0%
Conashaugh Lakes
0%
Cordaville
0%
Country Lake Estates
0%
Countryside
0%
County Center
0%
Crandon Lakes
0%
Cressona
0%
Crestwood Village
0%
Crosspointe
0%
Cross Roads
0%
Cumbola
0%
Dallastown
0%
Dauberville
0%
Deer Lake
0%
Delaware Park
0%
Delta
0%
DeSales University
0%
Diamond Beach
0%
Dillsburg
0%
Douglassville
0%
Dover Beaches North
0%
Dover Beaches South
0%
Dryville
0%
Dulles Town Center
0%
Eagleview
0%
East Bangor
0%
East Berlin
0%
East Douglas
0%
East Earl
0%
East Franklin
0%
East Freehold
0%
Eastlawn Gardens
0%
East Millstone
0%
East Petersburg
0%
East Prospect
0%
East Rocky Hill
0%
Echelon
0%
Edenburg
0%
Effort
0%
Ellisburg
0%
Elverson
0%
Emerald Lakes
0%
Emigsville
0%
Enhaut
0%
Evansburg
0%
Fairton
0%
Farmersville
0%
Fawn Grove
0%
Fawn Lake Forest
0%
Finderne
0%
Finesville
0%
Fiskdale
0%
Fivepointville
0%
Flint Hill
0%
Flora Dale
0%
Floris
0%
Flying Hills
0%
Forestdale
0%
Forked River
0%
Fort Loudon
0%
Fountain Hill
0%
Fountain Springs
0%
Fox Chase
0%
Friedensburg
0%
Friendship Heights Village
0%
Frystown
0%
Gales Ferry
0%
Gardners
0%
Gardnertown
0%
Gibbstown
0%
Gibraltar
0%
Gilberton
0%
Gilbertsville
0%
Girardville
0%
Glendora
0%
Glenolden
0%
Golden Triangle
0%
Gold Key Lake
0%
Goodville
0%
Gordonville
0%
Gouglersville
0%
Greentree
0%
Grier City
0%
Griggstown
0%
Grill
0%
Groveville
0%
Hainesburg
0%
Halfway House
0%
Hallam
0%
Hancocks Bridge
0%
Haverford College
0%
Haviland
0%
Heathcote
0%
Heckscherville
0%
Hegins
0%
Heidlersburg
0%
Hemlock Farms
0%
Heritage Hills
0%
Highland Lakes
0%
Highspire
0%
Hillside Lake
0%
Holiday City-Berkeley
0%
Holiday City South
0%
Holiday Heights
0%
Holiday Pocono
0%
Hometown
0%
Hopeland
0%
Hopewell Junction
0%
Hulmeville
0%
Hummelstown
0%
Hunterstown
0%
Idaville
0%
Idylwood
0%
Independent Hill
0%
Indian Mountain Lake
0%
Jacksonwald
0%
Jefferson Valley-Yorktown
0%
Johnsonburg
0%
Juliustown
0%
Kelayres
0%
Kempton
0%
Kendall Park
0%
Kenhorst
0%
Kenvil
0%
Kings Park West
0%
Kingston Estates
0%
Kirkwood
0%
Klingerstown
0%
Kutztown University
0%
Lake Barcroft
0%
Lake Heritage
0%
Lake Holiday
0%
Lake Meade
0%
Lake Mohawk
0%
Lake Mohegan
0%
Lake Telemark
0%
Lake Wynonah
0%
Lampeter
0%
Landingville
0%
Landisburg
0%
Landisville
0%
Langhorne Manor
0%
Laureldale
0%
Laurel Hill
0%
Laurel Lake
0%
Laurys Station
0%
Lavelle
0%
Lawnton
0%
Lebanon South
0%
Leisure Knoll
0%
Leisuretowne
0%
Leisure Village
0%
Leisure Village East
0%
Leisure Village West
0%
Lenhartsville
0%
Lenkerville
0%
Leola
0%
Lewisberry
0%
Lincolndale
0%
Lincoln University
0%
Lincroft
0%
Linglestown
0%
Linton Hall
0%
Little Britain
0%
Locustdale
0%
Loganville
0%
Long Valley
0%
Lopatcong Overlook
0%
Lorane
0%
Loudoun Valley Estates
0%
Lovettsville
0%
Lower Allen
0%
Lowes Island
0%
Lykens
0%
Madison Park
0%
Malden-on-Hudson
0%
Marksboro
0%
Marlin
0%
Marshfield Hills
0%
Martins Creek
0%
Marumsco
0%
Mashantucket
0%
Mashpee Neck
0%
Masthope
0%
Mattapoisett Center
0%
Maybrook
0%
Maytown
0%
McAdoo
0%
McKeansburg
0%
McKnightstown
0%
McNair
0%
Mechanicstown
0%
Merritt Park
0%
Mertztown
0%
Messiah College
0%
Middleborough Center
0%
Middlebush
0%
Middleport
0%
Milford city (balance)
0%
Milford Square
0%
Millersburg
0%
Millers Falls
0%
Millis-Clicquot
0%
Minersville
0%
Mohrsville
0%
Monomoscoy Island
0%
Monson Center
0%
Mont Alto
0%
Montrose Manor
0%
Monument Beach
0%
Moorefield Station
0%
Mountain Lodge Park
0%
Mount Gretna Heights
0%
Mount Hermon
0%
Mount Penn
0%
Mountville
0%
Muhlenberg Park
0%
Muir
0%
Myers Corner
0%
Mystic Island
0%
Napanoch
0%
Navesink
0%
Neabsco
0%
Nelsonville
0%
New Berlinville
0%
New Buffalo
0%
New Cumberland
0%
Newington Forest
0%
New Kingstown
0%
Newmanstown
0%
New Oxford
0%
New Ringgold
0%
New Schaefferstown
0%
New Seabury
0%
Newtown Grant
0%
New Tripoli
0%
New Village
0%
North Beach Haven
0%
North Lakeville
0%
North Middletown
0%
North Pembroke
0%
North Wales
0%
Norton Center
0%
Oak Grove
0%
Oakhurst
0%
Oberlin
0%
Old Orchard
0%
Olivet
0%
Oneida
0%
Onset
0%
Opal
0%
Orange Lake
0%
Oreland
0%
Orrstown
0%
Orrtanna
0%
Orwigsburg
0%
Orwin
0%
Palmdale
0%
Palmer Heights
0%
Panther Valley
0%
Park Crest
0%
Pemberton Heights
0%
Penbrook
0%
Pen Mar
0%
Penn Estates
0%
Pennsburg
0%
Pennside
0%
Pennwyn
0%
Penn Wynne
0%
Penryn
0%
Pillow
0%
Pine Bush
0%
Pine Lake Park
0%
Pine Ridge
0%
Pine Ridge at Crestwood
0%
Plainfield Village
0%
Plainsboro Center
0%
Plantsville
0%
Plattekill
0%
Pleasant Hill
0%
Pleasant Plains
0%
Pocono Mountain Lake Estates
0%
Pocono Pines
0%
Pocono Ranch Lands
0%
Pocono Woodland Lakes
0%
Pomeroy
0%
Popponesset
0%
Popponesset Island
0%
Port Colden
0%
Port Ewen
0%
Port Monmouth
0%
Port Murray
0%
Pottsgrove
0%
Presidential Lakes Estates
0%
Princeton Meadows
0%
Progress
0%
Putnam Lake
0%
Queens Gate
0%
Quentin
0%
Ramblewood
0%
Ramtown
0%
Raubsville
0%
Ravensworth
0%
Ravine
0%
Raynham Center
0%
Red Oaks Mill
0%
Refton
0%
Rehrersburg
0%
Reiffton
0%
Reinerton
0%
Renningers
0%
Richwood
0%
Riegelsville
0%
Rifton
0%
Ringtown
0%
Riverview Park
0%
Robertsville
0%
Roebling
0%
Rosendale Hamlet
0%
Roseto
0%
Ross Corner
0%
Rossmoor
0%
Rothsville
0%
Round Hill
0%
Rouzerville
0%
Royalton
0%
Rutledge
0%
Salmon Brook
0%
Salt Point
0%
Salunga
0%
Sanatoga
0%
Sand Hill
0%
Saugerties South
0%
Saw Creek
0%
Saybrook Manor
0%
Saylorsburg
0%
Schaefferstown
0%
Schlusser
0%
Schnecksville
0%
Schoeneck
0%
Schubert
0%
Schwenksville
0%
Scotchtown
0%
Seabrook Farms
0%
Seconsett Island
0%
Seltzer
0%
Seven Valleys
0%
Shark River Hills
0%
Shartlesville
0%
Shawneeland
0%
Shenandoah Farms
0%
Shenandoah Heights
0%
Shenandoah Retreat
0%
Shenandoah Shores
0%
Shenorock
0%
Sheppton
0%
Shillington
0%
Shippensburg University
0%
Shiremanstown
0%
Shoemakersville
0%
Shrub Oak
0%
Sierra View
0%
Silverdale
0%
Silver Lake
0%
Silver Ridge
0%
Singac
0%
Six Mile Run
0%
Skillman
0%
Skippack
0%
Skyland Estates
0%
Skyline View
0%
Slatedale
0%
Smoketown
0%
Society Hill
0%
Soudersburg
0%
South Ashburnham
0%
South Blooming Grove
0%
South Deerfield
0%
South Duxbury
0%
Spinnerstown
0%
Spring House
0%
Springmont
0%
Spry
0%
Staatsburg
0%
State Line
0%
Stewartstown
0%
Stewartsville
0%
Stiles
0%
Stockertown
0%
Stone Ridge
0%
Stony Creek Mills
0%
Stouchsburg
0%
Strathmore
0%
Strausstown
0%
Sudley
0%
Sugarland Run
0%
Summit Station
0%
Sunrise Lake
0%
Sun Valley
0%
Susquehanna Trails
0%
Swartzville
0%
Table Rock
0%
Tatamy
0%
Ten Mile Run
0%
Terre Hill
0%
The Pinehills
0%
Tillson
0%
Timber Hills
0%
Titusville
0%
Towamensing Trails
0%
Tower City
0%
Tremont
0%
Tresckow
0%
Trooper
0%
Tuscarora
0%
Tyler Run
0%
Union Deposit
0%
University Center
0%
Upper Pohatcong
0%
Upper Stewartsville
0%
Vails Gate
0%
Valley Green
0%
Vernon Valley
0%
Victory Lakes
0%
Village Green-Green Ridge
0%
Virginville
0%
Walker Valley
0%
Walnuttown
0%
Walton Park
0%
Wanamassa
0%
Wareham Center
0%
Waretown
0%
Warminster Heights
0%
Washington Boro
0%
Watchtower
0%
Wayne Heights
0%
Weigelstown
0%
Weissport East
0%
Wescosville
0%
Wesley Hills
0%
West Belmar
0%
West Fairview
0%
West Falmouth
0%
West Grove
0%
West Hamburg
0%
West Hurley
0%
West Wareham
0%
Weweantic
0%
White Island Shores
0%
White Meadow Lake
0%
Whitinsville
0%
Whittingham
0%
Wiconsico
0%
Willow Street
0%
Winterstown
0%
Witmer
0%
Woodbourne
0%
Woodbury Center
0%
Woxall
0%
Wyncote
0%
Yorketown
0%
York Haven
0%
Yorklyn
0%
York Springs
0%
Zarephath
0%

Score Distribution

Percentile by Number Answered

Percent of People with Each Score

Your Score History

You have not taken this quiz